00309nam a2200133Ia 4500008004100000041000800041082001600049100001500065245002800080260001000108365001500118500001200133700003000145230718s9999 xx 000 0 und d aeng a621.38bBHI aBhide S.D. aLinear Circuit Analysis bShree cRs.b80.00 aDONATED aBhide S.D. & Tokekar M.K.